| 000 | 00708nam a22002177a 4500 | ||
|---|---|---|---|
| 999 |
_c4042 _d4042 |
||
| 003 | AR-CdUCM | ||
| 008 | 190307b ||||| |||| 00| 0 esp d | ||
| 020 | _aISBN | ||
| 040 |
_aMUNICIPALIDAD PROVINCIAL DEL CUSCO _cBIBLIOTECA MUNICIPAL DEL CUSCO |
||
| 082 |
_a804.08 / _bM42 |
||
| 100 |
_aMenéndez Pidal, Ramón _93564 |
||
| 245 |
_aLos romances de américa y otros estudios / _cRamon Menendez Pidal. |
||
| 260 |
_aBuenos Aires : _bEspasa - Calpe _c1948. |
||
| 300 |
_a188 paginas ; _c18 cm. |
||
| 500 | _aDonación de la familia Luis Nieto | ||
| 650 |
_aRomances españoles _912875 |
||
| 650 |
_aLiteratura romántica _92591 |
||
| 650 |
_aPoesía popular _912876 |
||
| 942 |
_2ddc _cLIBROS |
||
| 945 | _aacrt | ||